01008nam a22002417a 4500999001700000003000900017008004100026040007100067082001700138100002800155245009200183260001900275300002800294505018200322650002600504650003100530650003300561650002400594650001500618942001600633945002000649952009700669 c18927d18927AR-CdUCM190515b ||||| |||| 00| 0 spa d aMUNICIPALIDAD PROVINCIAL DEL CUSCOcBIBLIOTECA MUNICIPAL DEL CUSCO a348.6 /bR92 aRueda Sanchez, Gregorio aManual de legislación laboral :bderechos y beneficios sociales de los trabajadores / aLima :bRueda, a704 páginas ;c21 cm. aContenido: Contratos de trabajo -- Jornada de trabajo -- Día del trabajo -- Feriados no laborales -- Salario dominical y descanso semanal obligatorio -- Libro de planillas ... aDerecho laboral95297 aRelaciones laborales97470 aTrabajo y trabajadores99211 aLegislación92962 aPerú935 2ddccLIBROS aacvd2019-05-15 002ddc4070aSHbSHcCARTd2019-05-15g40.00o348.6 / R92pSH0000013728r2019-05-15yLIBROS